BSOP header

Profiles of gifted persons with disabilities / (Record no. 6516)

MARC details
000 -LEADER
fixed length control field 00734nam a2200217 4500
008 - FIXED-LENGTH DATA ELEMENTS--GENERAL INFORMATION
fixed length control field 020530s1997 ph 0 engQU
100 1# - MAIN ENTRY--PERSONAL NAME
Personal name Avendano, Ma. Aurora Cecilia C.
245 10 - TITLE STATEMENT
Title Profiles of gifted persons with disabilities /
Statement of responsibility, etc Ma. Aurora Cecilia C. Avendaño
260 ## - PUBLICATION, DISTRIBUTION, ETC. (IMPRINT)
Place of publication, distribution, etc Quezon City :
Name of publisher, distributor, etc UP,
Date of publication, distribution, etc c1997.
300 ## - PHYSICAL DESCRIPTION
Extent xv, 64 p.;
Dimensions 23cm.
336 ## - CONTENT TYPE
Content Type Term text
337 ## - MEDIA TYPE
Media Type Term unmediated
338 ## - CARRIER TYPE
Carrier Type Term volume
500 ## - GENERAL NOTE
General note Thesis (M.A.)--University of the Philippines, Quezon City. 1997.
504 ## - BIBLIOGRAPHY, ETC. NOTE
Bibliography, etc Biblio: pp. 58-60.
650 #4 - SUBJECT ADDED ENTRY--TOPICAL TERM
Topical term or geographic name as entry element Handicapped
General subdivision Education.
651 #4 - SUBJECT ADDED ENTRY--GEOGRAPHIC NAME
Geographic name Gifted persons
General subdivision Education
Geographic subdivision Philippines.
651 #4 - SUBJECT ADDED ENTRY--GEOGRAPHIC NAME
Geographic name Handicapped
General subdivision Research
Geographic subdivision Philippines.
651 #4 - SUBJECT ADDED ENTRY--GEOGRAPHIC NAME
Geographic name Special education
Geographic subdivision Philippines.
942 ## - ADDED ENTRY ELEMENTS (KOHA)
Source of classification or shelving scheme Library of Congress Classification
Item type Books
Holdings
Withdrawn status Lost status Source of classification or shelving scheme Damaged status Not for loan Home library Current library Shelving location Date acquired Inventory number Shelving control number Total Checkouts Full call number Barcode Date last seen Price effective from Koha item type
    Library of Congress Classification     BSOP Library BSOP Library Filipiniana 12/21/2000 21233 127   LC3998 Av3 00016530 02/23/2013 02/23/2013 Books
BSOP

Biblical Seminary of the Philippines
  All rights Reserved
  © 2024

CONTACT INFORMATION

Biblical Seminary of the Philippines,
  77-B Karuhatan Road, Valenzuela City,
  PHILIPPINES 1441
  Phone: +632 8292-6795 / 8292-6798
  Fax : +632 8292-6675
  Email: library@bsop.edu.ph